Java web services architecture (Record no. 233512)

MARC details
000 -LEADER
fixed length control field 00469nam a2200169Ia 4500
008 - FIXED-LENGTH DATA ELEMENTS--GENERAL INFORMATION
fixed length control field 231221s9999 xx 000 0 und d
020 ## - INTERNATIONAL STANDARD BOOK NUMBER
International Standard Book Number 9790000000000
041 ## - LANGUAGE CODE
Language code of text/sound track or separate title English
082 ## - DEWEY DECIMAL CLASSIFICATION NUMBER
Classification number 001.6424JAV MCG;1
100 ## - MAIN ENTRY--PERSONAL NAME
Personal name McGovern, James. Tyagi, Sameer. Stevens, Michael E ...[et al.]
245 #0 - TITLE STATEMENT
Title Java web services architecture
260 ## - PUBLICATION, DISTRIBUTION, ETC.
Date of publication, distribution, etc. 2003
Name of publisher, distributor, etc. Elsevier
Place of publication, distribution, etc. Amsterdam
300 ## - PHYSICAL DESCRIPTION
Extent xxii, 833
300 ## - PHYSICAL DESCRIPTION
Dimensions PU7858
650 ## - SUBJECT ADDED ENTRY--TOPICAL TERM
Topical term or geographic name entry element Java,architecture
942 ## - ADDED ENTRY ELEMENTS (KOHA)
Koha item type Compact Disks
Holdings
Date last seen Total checkouts Full call number Accession number Price effective from Category Lost status Damaged status Department Withdrawn status Home library Current library Shelving location Entry date Vendor Grants Billnumber Currency symbol Conversion rate Discount Old discount
26/01/2024   001.6424JAV MCG;1 CD7001 26/01/2024 Compact Disks     MCA   Central Library Central Library MCA   Sunrise MCA IN1833 RS 1    

© For any Suggestions or Query, please contact the library staff @ librarian@pes.edu or Phone: +9180 2672 1983/ 2108.